| 000 | 00963nam a2200229 i 4500 | ||
|---|---|---|---|
| 001 | bg | ||
| 100 | 1 | _aMADEJ, Marian | |
| 245 | 1 | 0 |
_aKoncepcja rozwoju powiatu koszalińskiego w latach 2000-2006 wobec zrównoważonego rozwoju gospodarczego gmin / _cMarian Madej, Barbara Bawiec, Iwona Maliszewska. |
| 260 |
_aKoszalin : _bWojewódzki Fundusz Ochrony Środowiska i Gospodarki Wodnej, _c1999. |
||
| 300 |
_a73, [44] s. : _bil. ; _c24 cm. |
||
| 504 | _aBibliogr. | ||
| 650 | 9 |
_aEkorozwój _zPolska _yod 1989 r. |
|
| 650 | 9 |
_aGospodarka terenowa _zPolska _yod 1989 r. |
|
| 651 | 9 |
_aKoszalin (woj. zachodniopomorskie ; okręg) _xgospodarka _xpolityka _yod 1989 r. |
|
| 651 | 9 |
_aKoszalin (woj. zachodniopomorskie ; okręg) _xśrodowisko _xochrona _yod 1989 r. |
|
| 651 | 9 |
_aKoszalin (woj. zachodniopomorskie ; okręg) _xprognozy |
|
| 040 | _cBPK | ||
| 041 | 0 | _apl | |
| 080 | _a504.03:332.1](438)"1989/..." | ||
| 942 | _cKS | ||
| 008 | s pl f |000 0 pol | ||
| 999 |
_c41714 _d41714 |
||
| 856 |
_uhttp://koha.tu.koszalin.pl/cgi-bin/koha/opac-detail.pl?biblionumber=41714 _yKatalog online BPK |
||